ВНИПИвзрывгеофизика: история становления, достижения, задачи будущего; Нефтяное хозяйство; № 5

Dades bibliogràfiques
Parent link:Нефтяное хозяйство: научно-технический производственный журнал.— , 1925-1940, 1946-.— 0028-2448
№ 5.— 2003.— С. 40-42
Autor principal: Гайворонский И. Н.
Altres autors: Ликутов А. Р., Божко Г. И.
Idioma:rus
Publicat: 2003
Col·lecció:ВНИПИвзрывгеофизике - 50 лет
Matèries:
Format: MixedMaterials Capítol de llibre
KOHA link:https://koha.lib.tpu.ru/cgi-bin/koha/opac-detail.pl?biblionumber=386574

MARC

LEADER 00000naa2a2200000 4500
001 386574
005 20231101063508.0
035 |a (RuTPU)RU\TPU\prd\15507 
090 |a 386574 
100 |a 20030624a2003 k y0rusy50 ca 
101 0 |a rus 
102 |a RU 
200 1 |a ВНИПИвзрывгеофизика: история становления, достижения, задачи будущего  |f И. Н. Гайворонский, А. Р. Ликутов, Г. И. Божко 
225 1 |a ВНИПИвзрывгеофизике - 50 лет 
461 1 |0 (RuTPU)RU\TPU\prd\1638  |x 0028-2448  |t Нефтяное хозяйство  |o научно-технический производственный журнал  |d 1925-1940, 1946- 
463 1 |0 (RuTPU)RU\TPU\prd\15379  |t № 5  |v С. 40-42  |d 2003 
610 1 |a прострелочно-взрывная аппаратура 
610 1 |a разработка 
610 1 |a поставка 
610 1 |a импорт 
610 1 |a ВНИПИвзрывгеофизика 
675 |a 061.6  |v 3 
700 1 |a Гайворонский  |b И. Н. 
701 1 |a Ликутов  |b А. Р. 
701 1 |a Божко  |b Г. И. 
801 1 |a RU  |b 63413507  |c 20030624  |g PSBO 
801 2 |a RU  |b 63413507  |c 20131025  |g RCR 
942 |c BK